000 00327pab a2200133 454500
008 180718b xxu||||| |||| 00| 0 eng d
100 _aSreenivasan K.
245 _aRestructuring of the railways
362 _a2 Nov 1994, p.1
650 _a Railways -- India
650 _aRail Roads -- India
773 _aHindu
909 _a28014
999 _c28014
_d28014